1053 1743 1607 1195 1408 1055 1967 1370 1287 1708 1425 1072 1652 1483 1814 1290 1560 1017 1593 1002 1065 1903 1095 1653 1386 1565 1738 1505 1330 1884 1948 1011 1206 1674 1242 1801 1734 1339 1977 1210 1352 1174 1413 1479 1669 1888 1537 1124 1928 1543 1474 1476 1047 1036 1807 1386 1022 1249 1240 1178 1091 1525 1964 1371 1447 1060 1258 1128 1353 1330 1411 1319 1277 1869 1297 1426 1111 1016 1601 1968 1302 1969 1565 1867 1262 1078 1913 1106 1966 1707 1021 1652 1084 1209 1056 1734 1204 1920 1801 BCNSPRNW ULIB Ver.6.0+V

เปลี่ยนเป็นภาษาไทย

Change to English
 แสดงรายละเอียดบรรณานุกรม
  กลับหน้าหลัก

Brief Record : Get Marc (ISO 2709) : E-mail record : QR code < ปิดหน้าต่าง
LEADER : 00000nam 2200000uu 4500
001    13399120133
003     ULIB
008    120905s2546||||th 000 0 tha d
020    ^a9749137884
050  4 ^aH62^bน142ค 2546
100 0  ^aนงพรรณ พิริยานุพงศ์
245 10 ^aคู่มือวิจัยและพัฒนา /^cนงพรรณ พิริยานุพงศ์
250    ^aพิมพ์ครั้งที่ 1
260    ^aนนทบุรี :^bโครงการสวัสดิการวิชาการ สถาบันพระบรมราชชนก,^c2546
300    ^a176 หน้า :^bภาพประกอบ ;^c21 ซม.
650  7 ^aการเขียนทางวิชาการ
650  7 ^aวิจัย
710 2  ^aโครงการสวัสดิการวิชาการ สบช.
945    ^p150^l0^i19465
945    ^p150^l0^i19466
995    ^aวิภา
999 ^a ทศพร
รายการนี้ยังไม่มีแท็ก
คุณยังไม่ได้ล็อกอิน คุณสามารถมีกิจกรรมร่วมกับเว็บไซต์ได้ แต่ต้องล็อกอินก่อน ::
  ล็อกอิน

รายการสื่อสารสนเทศ

ลำดับที่ ประเภท เลขเรียก/บาร์โค้ด สถานที่ สถานะ
- ไม่พบข้อมูล -

รายการใกล้เคียง
    ผู้แต่ง [นงพรรณ พิริยานุพงศ์]

    หัวเรื่อง [การเขียนทางวิชาการ]
    หัวเรื่อง [วิจัย]

BibComment


ยังไม่เคยถูกคอมเมนท์

คอมเมนท์ทรัพยากรรายการนี้
  คอมเมนท์: คู่มือวิจัยและพั..


 Copyright 2026. Bcnsprnw @Library